01664cam a22004454i 4500003000900000005001700009008004100026020001500067020001800082035002000100041001300120082001700133100005300150245017600203250002200379264003900401300005500440336002100495337002500516338002300541505028400564526000900848526000900857526000900866526000900875526000900884526000900893526000800902526000800910526000800918526000800926526000800934526000800942541001100950650005300961650004901014651005001063700004301113700006201156PE-LiUPU20250731184510.0160810s2005 pe a r 000 0 spa d a9972828042 a9789972828041 a(Sirsi) a1628561 aengaspa04a985bS552201 aSilva Santisteban, Fernando,d1929-2006,eautor. aCajamarca :bhistoria y paisaje = history and landscape /c Fernando Silva Santisteban ; fotos, Víctor Campos Ríos ; presentación, Alberto Benavides de la Quintana. aCuarta edición. aLima :b Minera Yanacocha,c 2005. a261 páginas :bilustraciones ;c26 centímetros atext2rdacontent aunmediated2rdamedia avolume2rdacarrier0 aCajamarca -- Arqueología cajamarquina -- El reino de Cuismanco -- El encuentro de dos mundos -- El virreinato -- El barroco cajamarquino -- La independencia y la república -- Testimonios de viajeros en el Siglo XIX -- La guerra con chile -- El Siglo XX -- Tierra de pintores. aP136 aP135 aP134 aP133 aP144 aP143 aP87 aP35 aP20 aP14 aP10 aP06 Compra;18aMonumentos arqueológicos-zPerú-zCajamarca.28aArquitectura religiosa-zPerú-zCajamarca. aCajamarca (Perú : Departamento)x-Historia.1 aCampos Ríos, Víctor,efotógrafo.1 aBenavides de la Quintana, Alberto,d1920- ,epresentador.